000 00277nam a22001217a 4500
020 _a81-8388-197-1
082 _a823
_bSPI/J
245 _aJATAKA TALES
260 _aCHENNAI
_bSPIDER BOOKS
520 _aENGLISH SHORT STORY
650 _aENGLISH SHORT STORY
_zCHENNAI
942 _cBK
999 _c5698
_d5698